000 nam a22 7a 4500
999 _c7994
_d7994
008 171121b xxu||||| |||| 00| 0 eng d
100 _aLesieg.T.
_94448
245 _aHooper Humperdink.N.F.
260 _aNewyork
_bAB.EB.
_c1976